Strategické zámery malých a stredných podnikov dizertačná práca

Gespeichert in:
Bibliographische Detailangaben
1. Verfasser: Strižencová, Michaela
Körperschaft: Národohospodárska fakulta EU. Katedra hospodárskej politiky
Weitere Verfasser: Bacová, Viera
Format: Buch
Sprache:Slowakisch
Veröffentlicht: Bratislava 2000
Schlagworte:
Tags: Tag hinzufügen
Keine Tags, Fügen Sie das erste Tag hinzu!

MARC

LEADER 00000nam a2200000 4500
001 c128845
005 20240104091431.6
041 0 |a slo 
044 |a SK 
245 1 0 |a Strategické zámery malých a stredných podnikov  |b dizertačná práca  |c Michaela Strižencová ; školiteľ: Viera Bacová 
264 1 |a Bratislava  |c 2000 
300 |a 134 s.  |e autoreferát 
610 2 0 |a podnikanie 
610 2 0 |a podnikanie malé 
610 2 0 |a podnikanie stredné 
610 2 0 |a stratégia podniková 
610 2 0 |a zámery podnikateľské 
610 2 0 |a podnik malý 
610 2 0 |a podnik stredný 
610 2 0 |a rozvoj podniku 
610 2 0 |a legislatíva 
610 2 0 |a vlastníctvo súkromné 
610 2 0 |a podnikatelia 
610 2 0 |a kapitál 
610 2 0 |a zaťaženie daňové 
610 2 0 |a inovácia 
610 2 0 |a reštrukturalizácia 
100 1 |a Strižencová, Michaela 
700 1 |a Bacová, Viera 
710 2 |a Národohospodárska fakulta EU. Katedra hospodárskej politiky